Statistiques concernant Top 50 meilleurs jeunes footballeurs 2023

Cliquez ici pour prendre le quiz!

Statistiques générales

  • Ce quiz a été pris 1 415 fois
    (974 depuis la dernière actualisation)
  • Le résultat moyen est 7 sur 50

Statistiques - réponses

PosteClubNationalitéJoueur% Correct
MilieuFenerbahceTurquieArda Güler
60%
MilieuFC BarceloneEspagneGavi
59%
MilieuParis Saint-GermainFranceWarren Zaire-Emery
54%
AttaquantPalmeirasBrésilEndrick
37%
AttaquantManchester UnitedEspagne / ArgentineAlejandro Garnacho
33%
AttaquantBayern MunichFranceMathys Tel
33%
AttaquantBorussia DortmundAllemagneYoussoufa Moukoko
28%
AttaquantFC BarceloneEspagneLamine Yamal
26%
MilieuStade RennaisFranceDesiré Doué
23%
MilieuAS MonacoFranceEliesse Ben Seghir
22%
DéfenseurManchester CityAngleterreRico Lewis
22%
DéfenseurParis Saint-GermainFranceEl Chadaille Bitshiabu
21%
MilieuLiverpool FCEspagne / SerbieStefan Bajcetic
21%
AttaquantAtlético ParanaenseBrésilVitor Roque
20%
MilieuChelseaBrésilAndrey Santos
18%
AttaquantBrightonIrlandeEvan Ferguson
18%
MilieuParis Saint-GermainFranceIsmael Gharbi
18%
AttaquantRéal SociédadFranceMohamed-Ali Cho
18%
MilieuSouthamptonBelgiqueRomeo Lavia
17%
AttaquantBorussia DortmundAngleterreJamie Bynoe-Gittens
15%
MilieuBenficaItalieCher Ndour
8%
AttaquantTroyesBrésilSavio
8%
AttaquantClub BrugesNorvègeAntonio Nusa
7%
MilieuLazioArgentineLuka Romero
7%
DéfenseurBoca JuniorsArgentineValentin Barco
7%
AttaquantLiverpool FCEcosseBen Doak
6%
MilieuBrightonArgentineFacundo Buonanotte
6%
GardienChelseaEtats-UnisGabriel Slonina
6%
AttaquantBayer LeverkusenEspagneIker Bravo
6%
AttaquantRéal MadridUruguayAlvaro Rodriguez
5%
DéfenseurAjaxPays-BasJorrel Hato
5%
DéfenseurChelseaAngleterreLewis Hall
5%
MilieuBenficaNorvègeAndreas Schjelderup
4%
AttaquantBenficaBelgique / PortugalDiego Moreira
4%
AttaquantNewcastleAustralieGarang Kuol
4%
DéfenseurRéal ValladolidEspagneIvan Fresneda
4%
AttaquantFC CopenhagueSuèdeRoony Bardghji
4%
AttaquantSporting CPGhanaAbdul Fatawu Issahaku
3%
DéfenseurAlmeriaBrésilKaiky
3%
MilieuBayern MunichAutriche / AllemagnePaul Wanner
3%
DéfenseurShakhtar DonetskBrésilVinicius Tobias
3%
AttaquantSantosBrésilAngelo Gabriel
2%
MilieuArsenalAngleterreEthan Nwaneri
2%
MilieuUdineseItalieSimone Pafundi
2%
MilieuInter MilanItalie / ArgentineValentin Carboni
2%
MilieuRB SalzbourgAutricheDijon Kameri
1%
MilieuJong AjaxPays-BasGabriel Misehouy
1%
AttaquantVélez SarsfieldArgentineGianluca Prestianni
1%
MilieuFlamengoBrésilMatheus Franca
1%
DéfenseurArsenalAngleterreBrooke Norton-Cuffy
0%

Distribution des résultats

Percentile par nombre de réponses

% des personnes avec chaque résultat

Votre développement - résultats

Vous n’avez pas pris ce quiz depuis la dernière actualisation